000 01899nam a2200313 a 4500
001 BRCA_5032
005 20190320204919.0
008 031110s1836----mx-######v---#000-0#spa-#
041 _aspa
044 _afr
084 _aDOC99
_b.G67
_c1836
100 1 _aGoroztiza y Cepeda, Manuel María del Pilar Eduardo
_d1789-1851
_912853
245 1 0 _aDocumento dirigido a Eduardo Goroztiza
_cEduardo Goroztiza, Luis G. Cuevas.
260 _aParís, Francia
_c1836
300 _a[1] foja
_c26 x 20 cm
500 _aDocumento expedido el 18 de noviembre de 1836 en París, Francia
500 _aLuis G. Cuevas escribe a Eduardo Goroztiza por haber recibido la comunicación del Señor Presidente de que a partir del 2 de septiembre de 1836 pasará Goroztiza a clase de agregado y con el mismo sueldo a la Misión extraordinaria de la República cerca del Gobierno de los Estados Unidos para cuyo efecto le entregara
_200 pesos y 4 pagos más haberse anunciado en los papeles públicos que el Sr. Goroztiza ha salido ya de los Estados Unidos, tal vez por la necesidad de continuar su viaje a México. Firma Luis G. Cuevas
500 _aEl documento contiene la leyenda DOC. #260
500 _aPapel con marca de agua
500 _aAl margen: LEGACIÓN MEXICANA CERCA S. M. EL REY DE LOS FRANCESES
500 _aEstado de conservación: Contiene manchas de acidificación
506 0 _aFondo reservado: para su consulta es necesario credencial de usuario y carta de motivos
546 _aTexto en: español de mediados del siglo XIX
600 1 4 _aGoroztiza y Cepeda, Manuel María del Pilar Eduardo
_d1789-1851
_912853
650 1 4 _aRelaciones internacionales
_eDocumentos legales
_vImpreso con rúbricas
_xHistoria
_yFederalismo y centralismo, 1824-1853
_zMéxico
_912854
700 1 _aGonzanza Cuevas, Luis
_cSecretario de Relaciones Exteriores
_d1799-1867
_912855
902 _aFDH
942 _2lcc
_cD
999 _c4726
_d4726